000 01008nam a2200217Ia 4500
003 Ost
005 20260507075022.0
008 260507s9999||||xx |||||||||||||| ||und||
040 _cfsecg
041 _aara
082 _a330
100 _aالسيد، اسماعيل
_eمؤلف
245 0 _aأساليب الكمية في الإدارة /
_c اسماعيل السيد
260 _aالإسكندرية:
_bالدار الجامعية,
_c2003
300 _a460 صفحة؛
_bإيضاحات ؛
_c24 سم
520 _aأساسيات تحليل وإتخاذ القرار- شجرة القرارات- تحليل ماركوف- نظرية المباريات ذات المجموع الصفري- أسلوب تقييم ومراجعة برامج PERT - البرمجيات الخطية - نماذج المحاكاة - نظرية صفوف الإنتظار
653 _aالإدارة
653 _aالقرارات الادارية
700 _aالعبد، جلال
_eمؤلف ثانوي
942 _cكتاب
999 _c42288
_d42288